| 000 | 00423nam a2200181Ia 4500 | ||
|---|---|---|---|
| 005 | 20251020182613.0 | ||
| 008 | 200515s9999 xx 000 0 und d | ||
| 082 | _aSC/69.032(094.7)/C22/1977 | ||
| 110 | _aCAPECO | ||
| 245 | 0 | _aReglamento de metrados para obras de edificación | |
| 250 | _a2a ed. | ||
| 260 | _aLima | ||
| 260 | _c1977 | ||
| 300 | _a220 | ||
| 650 | _aMETRADOS | ||
| 650 | _aPUB CAPECO | ||
| 942 | _cLIB | ||
| 999 |
_c3396 _d3396 |
||